| 000 | 01479nam a2200289Ia 4500 | ||
|---|---|---|---|
| 001 | Z_6320 | ||
| 008 | 220601s9999 xx 000 0 und d | ||
| 020 | _a978-968-18-5299-3 | ||
| 082 | _a636.085 C48 2009 | ||
| 100 |
_aChurch, D. C. _922991 |
||
| 245 | _aFundamentos de nutrición y alimentación de animales / D. C. Church, W. G. Pond y K. R. Pond; traducción Luis Jorge Pérez Calderon; Revición José Luis Laparra Vega. | ||
| 250 | _a2a ed. | ||
| 260 | _aMéxico : Limusa: Wiley | ||
| 300 | _a635 p. | ||
| 500 | _aTraducida de la obra en inglés: Basic animal nutrition and feeding 2th ed. de 1982 \ la biblioteca cuenta con la actualización del 2007, 2009, 2012 y 2013 de Mario Alberto Hernández Cuapio y Ana Luisa Weckmann González. ISBN: 13:978-968-18-5299-3 (4.2) 2007, 13:978-968-18-5299-3 (5.2) 2009, 978-968-18-5299-3 (7.2) 2012, 978-968-18-5299-3 (8.2) 2013 | ||
| 503 | _aej.1- ej.3: C/E \ ej.4: 0115 \ ej.5: 0116 \ ej.6: 0117 \ ej.7: 0118 \ ej.8: 0119 \ ej.9: consumo \ ej.10: consumo | ||
| 504 | _aIncluye bibliografía | ||
| 650 | _a1. Nutrición animal | ||
| 650 |
_aAlimentos y alimentación del ganado _94326 |
||
| 650 | _aAnimales -- Alimentos | ||
| 700 |
_aPond, W. G., coaut. \ Pond, K. R., caourt. \ Pérez Calderon, Luis Jorge, tr. \ Laparra Vega, José Luis, rev.Ì _9183517 |
||
| 901 | _a636.085 C48 2009 | ||
| 902 | _aM | ||
| 905 | _a5232272009 mx dni 8211113311spa16 | ||
| 942 | _c1 | ||
| 999 |
_c217112 _d217112 |
||